| 000 | 00878nam a2200301 a 4500 | ||
|---|---|---|---|
| 999 |
_c1487 _d1487 |
||
| 003 | OSt | ||
| 005 | 20190627105339.0 | ||
| 008 | 130611s2003 sz ||||| |||| 00| 0 eng d | ||
| 020 | _a92 4 154582 8 | ||
| 040 | _cBiblioteca Medicina | ||
| 041 | _aspa | ||
| 082 | _aOMS HV 4998 | ||
| 100 | 1 |
_aSingle, Eric _92409 |
|
| 245 | 0 | 0 | _aInternational guidelines for estimating the costs of substance abuse |
| 250 | _a2° ed. | ||
| 260 |
_aGinebra _bOrganizacion Mundial de la Salud _c2003 |
||
| 300 | _a81 p. | ||
| 500 | _aBaja Depósito Caja 33 Junio 2019 | ||
| 653 | _aABUSO DE SUSTANCIAS-ECONOMIA | ||
| 653 | _aABUSO DE SUSTANCIAS-GUIA | ||
| 700 | 1 | 0 |
_aCollins, David _92410 |
| 700 | 1 | 0 |
_aEaston, Braian _92411 |
| 700 | 1 | 0 |
_aHarwood, Henrick _92412 |
| 700 | 1 | 0 |
_aLapsley, Helen _92413 |
| 700 | 1 | 0 |
_aKopp, Pierre _92414 |
| 700 | 1 | 0 |
_aWilson, Ernesto _92415 |
| 942 |
_2ddc _cPH |
||